Statistics for Narcos Quiz

Click here to take the quiz!

General Stats

  • This quiz has been taken 55 times
  • The average score is 9 of 15

Answer Stats

HintName% Correct
Leader of the Medellin CartelPablo Escobar
100%
Wife of the first answerTata
81%
Son of the first answerJuan Pablo
79%
Main US DEA agents involved in the downfall of Medellin (name either)Javier Peña/Stephen Murphy
77%
Main sicarios of the Medellin cartel (name any)La Quica/Blackie/Poison
77%
The Medellin cartel's largest competitor and rivalCali cartel
73%
Taxi driver who assisted the first answer until his deathEl Limón
71%
Fictional police officer and first leader of the aboveColonel Horatio Carillo
52%
Cousin of the aboveGustavo Gaviria
52%
Vigilante death squad heavily involved in the downfall of MedellinLos Pepes
52%
Police unit set up specifically for taking down the Medellin cartelSearch Bloc
46%
Wife of murdered cartel member also involved in the creation of the groupJudy Moncada
33%
Paramilitary leader brothers who helped create the aboveFidel and Vicente Castaño
29%
Daughter of the first answerManuela
21%
Second leader of that police unit who actually existedColonel Hugo Martinez
13%

Score Distribution

Percentile by Number Answered

Percent of People with Each Score

Your Score History

You have not taken this quiz